[Event "VII Sunway Sitges Open 2020"]
[Site "Sitges"]
[Date "2020.12.13"]
[Round "1.31"]
[White "Shatil, Or"]
[Black "Hernando Rodrigo, Julio Antonio"]
[Result "0-1"]
[WhiteElo "1811"]
[BlackElo "2275"]
[Annotator "TA"]
[PlyCount "72"]
[EventDate "2020.12.13"]
[EventType "swiss"]
[EventCountry "ESP"]
[SourceTitle "playchess.com"]
[Source "ChessBase"]
[SourceQuality "1"]

{[%evp 21,72,41,36,12,15,18,35,34,56,36,93,93,99,29,39,35,41,14,27,0,0,0,0,0,0,0,0,0,19,-41,-66,-46,-29,-38,-35,-41,-24,-77,-9,-205,-51,-243,-250,-960,-261,-427,-437,-429,-435,-422,-400,-1447,-1479]} 1. e4 e6 2. d4 d5 3. Nd2 c5 4. exd5 exd5 5. Ngf3 Nc6 6. Bb5 Bd6 7. dxc5 Bxc5 8. O-O Nge7 9. Nb3 Bd6 10. Re1 O-O 11. c3 Bg4 12. Be2 {C09: French Tarrasch: 3...c5 4 exd5 exd5 5 Ngf3 Nc6.} Bc7 13. h3 Bf5 14. Bd3 {White is slightly better.} Qd6 {[#]} 15. Be3 $146 {Strongly threatening Bc5.} ({Predecessor:} 15. Bg5 f6 16. Bh4 Bb6 17. Kh1 Rad8 18. Bg3 Qd7 19. Bb5 Be4 20. Nbd2 Bg6 21. Nf1 Nf5 22. Qd2 Nxg3+ 23. Nxg3 {1-0 (60) Estrada Nieto,J (2360)-Gabriel,R (2279) Germany 2000}) 15... Bg6 ({Black should try} 15... Rfe8 $14) 16. Bc5 $16 Qf6 17. Nfd4 (17. Bxg6 $16 hxg6 18. Qe2) 17... Rfd8 18. Nb5 Be5 19. N3d4 a6 20. Nxc6 (20. Bxe7 $5 Nxe7 21. Nf3 $11) 20... Nxc6 21. Nd4 Bxd4 22. cxd4 b6 23. Bxb6 Rdb8 24. Bc5 Rxb2 25. Be2 (25. Re2 $11 Rbb8 26. Bxg6 hxg6 27. Qd3) 25... Rab8 $15 26. Qa4 Bd3 27. Qd1 Be4 28. f3 Bf5 29. Kh1 (29. Bxa6 $11 {remains equal.} Bxh3 30. Bf1) 29... h5 (29... Nb4 $17 {White must now prevent ...Nc2.} 30. Bxb4 R2xb4) 30. Rg1 $2 (30. Bxa6 $11 {and White is okay.} Nb4 {[%mdl 64] Discovered Attack} 31. Bxb4) 30... Qg5 $2 (30... Nb4 $1 $19 31. Ba7 Rb7) 31. Bd3 $2 {[#]} ({Better is} 31. Bxa6 $15 Rd2 32. Qf1) 31... Rd2 $1 $19 {[%cal Rd2d1]} 32. Qa4 $2 (32. Qxd2 Qxd2 33. Bxf5) 32... Bd7 $2 ({Weaker is} 32... Rxd3 33. Qxc6 Rb2 34. Qe8+ (34. Qxd5 $2 Rdd2 $19) 34... Kh7 35. Qxf7 $19) (32... Bxh3 33. gxh3 {[#]} Qf4 $1 {[%mdl 512]}) 33. Qxa6 $2 (33. Bf1 a5 34. Bd6 (34. Bb5 $2 Qh4 $19)) 33... Qg3 {Threatens to win with ...Bxh3!} 34. Rad1 Rxd1 35. Rxd1 {[#]} Bxh3 $1 {[%csl Gh3][%cal Rg3g2][%mdl 512]} 36. Rg1 (36. Bh7+ $142 Kxh7 37. Qe2) (36. gxh3 Qxf3+) 36... Bc8 {Weighted Error Value: White=0.81/Black=0.36} 0-1

[Event "VII Sunway Sitges Open 2020"]
[Site "Sitges"]
[Date "2020.12.14"]
[Round "2.1"]
[White "Martin Duque, Jesus"]
[Black "Korobov, Anton"]
[Result "0-1"]
[WhiteElo "2414"]
[BlackElo "2683"]
[Annotator "TA"]
[PlyCount "98"]
[EventDate "2020.12.13"]
[EventType "swiss"]
[EventCountry "ESP"]
[SourceTitle "playchess.com"]
[Source "ChessBase"]
[SourceQuality "1"]

{[%evp 13,98,22,30,-4,1,-25,-16,-12,11,-26,-22,-17,-10,-21,-23,-18,-8,-22,-13,-22,0,0,0,0,0,0,0,0,13,14,25,25,62,26,21,21,22,15,36,14,25,39,145,144,139,145,276,352,335,354,350,346,345,341,343,312,345,345,331,2,5,0,0,0,0,-47,-48,-47,-41,-115,-120,-505,-468,-1243,-1404,-6848,-6753,-6397,-6390,-6091,-6091,-5604,-5604,-5102,-4935,-1325,-1058]} 1. e4 c5 2. Nf3 Nc6 3. Bb5 e6 4. O-O Nge7 5. Re1 Nd4 6. Nxd4 cxd4 7. c3 a6 8. Ba4 {B30: Sicilian: 2...Nc6 3 Bb5, lines without ...g6.} b5 9. Bb3 Nc6 $1 10. d3 {The position is equal.} Bb7 $5 {[%mdl 4] Exploring less charted territory.} 11. a4 b4 12. cxd4 Nxd4 {[#]} 13. Be3 $146 ({Predecessor:} 13. Nd2 d5 14. Nf3 Nxb3 15. Qxb3 Be7 16. h4 h6 17. Bd2 Rc8 18. Rac1 Rxc1 19. Rxc1 dxe4 20. dxe4 {0-1 (35) Kosirog,N-Ronat,O ICCF email 2010}) 13... Nxb3 14. Qxb3 d5 15. Nd2 Be7 16. a5 O-O 17. Bb6 Qd7 18. Nf3 Rfc8 19. e5 d4 20. Nxd4 Qd5 (20... Bd5 {seems wilder.} 21. Qd1 Bc5 22. Bxc5 Rxc5 23. Nb3 Rc7) 21. Qxd5 Bxd5 22. f4 g5 23. f5 g4 24. f6 Bf8 $1 25. Re2 b3 26. Kf2 h5 $1 27. h3 $36 {[%mdl 2048] Black is under pressure.} Kh7 (27... gxh3 $14 28. gxh3 Bh6) 28. hxg4 $16 hxg4 29. Rh1+ Kg6 (29... Bh6 $16 {is a better defense.}) 30. Rh4 $1 $18 Bh6 31. Rxg4+ Kh5 32. Rg3 Bf4 {[#]} 33. Rg7 $1 Rg8 34. Rxf7 Rxg2+ 35. Kf1 {Hoping for Rh7+.} Rxe2 36. Nxe2 $2 ({White has to play} 36. Rh7+ $18 Bh6 37. Nxe2 (37. Kxe2 Rc8 $18)) 36... Bxe5 $11 37. Bd4 Kg6 {And now ...Bxd4 would win.} 38. Rg7+ Kxf6 $1 {Strongly threatening ...Bxd4.} 39. Rc7 Bxd4 40. Nxd4 $15 {[%mdl 4096] Endgame KRB-KRN} Rh8 {Threatens to win with ...Rh1+.} 41. Ra7 {[#]} (41. Ke1 $15) 41... Rh3 $1 $17 {[%cal Rh3d3]} 42. Rxa6 $2 {[%mdl 8192]} (42. Ke1 $17 {is more resistant.}) 42... Rxd3 $19 {Black is clearly winning.} 43. Nc6 (43. Nb5 $142 Bc4 44. Ke1) 43... Rd2 44. Ke1 Rxb2 45. Nb4 Be4 46. Rb6 Rh2 47. Nd3 Bxd3 48. Rxb3 Be4 49. Ra3 Bd5 {Quite a comeback for Black.  Weighted Error Value: White=0.62/Black=0.12} 0-1

[Event "VII Sunway Sitges Open 2020"]
[Site "Sitges"]
[Date "2020.12.14"]
[Round "2.2"]
[White "Cheparinov, Ivan"]
[Black "Travadon, Loic"]
[Result "1-0"]
[WhiteElo "2688"]
[BlackElo "2421"]
[Annotator "TA"]
[PlyCount "83"]
[EventDate "2020.12.13"]
[EventType "swiss"]
[EventCountry "ESP"]
[SourceTitle "playchess.com"]
[Source "ChessBase"]
[SourceQuality "1"]

{[%evp 25,83,77,85,84,82,83,80,44,43,40,39,29,43,40,58,58,53,44,54,47,105,31,33,22,15,16,50,22,19,0,61,56,77,77,75,67,124,112,116,79,70,45,39,35,42,35,146,161,193,194,242,250,244,234,289,291,269,270,318,249]} 1. d4 Nf6 2. c4 g6 3. Nc3 Bg7 4. e4 d6 5. Nf3 O-O 6. Be2 Na6 7. O-O e5 8. Re1 c6 9. Be3 exd4 10. Nxd4 Re8 11. f3 Nc7 12. Qd2 Qe7 13. Bf1 Ne6 14. Rad1 {E95: King's Indian: Classical: 7...Nbd7 8 Re1.} Nxd4 15. Bxd4 {[#]} ({Much worse is} 15. Qxd4 Ng4 $15) 15... Be6 $146 ({Predecessor:} 15... Rd8 16. Be3 Ne8 17. Bh6 Bxh6 18. Qxh6 Be6 19. f4 f6 20. Re3 Qg7 21. Qh4 Rd7 {1-0 (48) Ivanisevic,I (2614)-Damljanovic,B (2559) Belgrade 2009}) 16. Nd5 {White is better.} Bxd5 17. exd5 Qc7 18. dxc6 bxc6 19. Rxe8+ Rxe8 20. Bf2 Rd8 21. b4 d5 22. Qe3 Ra8 (22... Bf8 $14) 23. cxd5 (23. b5 $16) 23... Nxd5 $14 24. Qc5 {[#] Rxd5 is the strong threat.} Bf8 25. Qc4 {Black must now prevent Rxd5.} Nb6 26. Qe4 Nd5 {Strongly threatening ...Nc3.} 27. Qc4 {Threatens to win with Rxd5.} Nb6 28. Qd4 Qb7 29. a3 Rc8 30. Qf6 {Bd4 would kill now.} Qe7 ({Black should play} 30... Nd5 $14 31. Qd4 Rc7) 31. Qxe7 $16 Bxe7 32. Ba6 Rc7 33. Bg3 Rd7 34. Rxd7 Nxd7 $14 {[%mdl 4096] Endgame KBB-KBN} 35. Kf1 Bf6 ({Better is} 35... c5 $14) 36. Bf2 $16 Nb6 37. Bb7 Bb2 {[#]} 38. a4 $1 {[%cal Ra4a5]} ({Weaker is} 38. Bxc6 Bxa3 39. Bc5 f5 $16) 38... Nxa4 39. Bxa7 Bc3 40. Bxc6 {White has a decisive advantage.} Nb2 41. b5 Nd3 42. Be3 {Weighted Error Value: White=0.12/Black=0.21} 1-0

[Event "VII Sunway Sitges Open 2020"]
[Site "Sitges"]
[Date "2020.12.14"]
[Round "2.3"]
[White "Svoboda, Vaclav"]
[Black "Grigoryan, Karen H."]
[Result "1/2-1/2"]
[WhiteElo "2407"]
[BlackElo "2659"]
[Annotator "TA"]
[PlyCount "71"]
[EventDate "2020.12.13"]
[EventType "swiss"]
[EventCountry "ESP"]
[SourceTitle "playchess.com"]
[Source "ChessBase"]
[SourceQuality "1"]

{[%evp 19,71,50,65,44,65,10,16,15,14,7,39,39,48,18,26,12,113,97,114,60,50,60,136,128,243,225,257,204,210,210,187,231,381,381,380,280,274,0,402,286,285,266,283,281,255,172,179,168,227,0,118,0,227,0]} 1. d4 Nf6 2. c4 c5 3. d5 g6 4. Nc3 Bg7 5. e4 d6 6. h3 O-O 7. Nf3 e6 8. Bd3 Na6 9. Bg5 h6 10. Be3 Nc7 11. Qd2 {E90: King's Indian: Classical: Early deviations and 6 h3.} Kh7 12. Rb1 (12. dxe6 $14 Nxe6 13. O-O) 12... exd5 13. exd5 {[#] The position is equal.} b5 $146 ({Predecessor:} 13... Re8 14. O-O b5 15. b3 Rb8 16. Rfe1 Ba6 17. Qc2 Qd7 18. Nd2 bxc4 19. bxc4 Na8 {0-1 (36) Barlov,D (2505)-Gorbatov,A (2235) St Ingbert 1991}) 14. b3 b4 15. Ne2 Re8 16. O-O $36 {[%mdl 2048] White has some pressure.} Ne4 17. Qc2 f5 (17... Nc3 $1 $11) 18. Rbe1 $16 Qf6 19. Ng3 ({Better is} 19. g4 $1 $16) 19... Nc3 $14 20. h4 Rf8 ({Black should play} 20... Kg8 $1 $14) 21. Qd2 $16 Bd7 (21... Ne8 $16 {might work better.}) 22. h5 $1 $18 Be8 {[#]} 23. Ng5+ $1 {[%mdl 512]} hxg5 24. Bxg5 Qd4 25. Re7 {Hoping for Bh6.} N7xd5 (25... Kg8 $142 26. Rxc7 Rf7) 26. cxd5 {Strongly threatening Bh6.} Kg8 27. Be3 Qf6 28. Bg5 (28. Re6 $142 Qh4 29. Bf4 (29. hxg6 f4 $11 {[%mdl 64] Double Attack})) 28... Qd4 29. Rxg7+ Qxg7 30. Bh6 Qf6 31. Bxf8 Kxf8 32. Qh6+ Qg7 33. Qf4 {Black must now prevent Re1.} Qe5 (33... Rd8 $142) 34. Qh6+ ({Only move:} 34. Qg5 $1 $18 Qe7 35. Qd2) 34... Qg7 $16 {[#]} 35. Qf4 (35. Qg5 $1 $16) 35... Qe5 $1 $18 {[%cal Re5f4] [#]} 36. Qh6+ $2 {Weighted Error Value: White=0.50/Black=0.26} (36. Qg5 $1 $18 f4 37. Qh6+ Kg8 38. hxg6 (38. Bxg6 Qg7 $16)) 1/2-1/2

[Event "VII Sunway Sitges Open 2020"]
[Site "Sitges"]
[Date "2020.12.14"]
[Round "2.4"]
[White "Ayats Llobera, Gerard"]
[Black "Moussard, Jules"]
[Result "0-1"]
[WhiteElo "2400"]
[BlackElo "2626"]
[Annotator "TA"]
[PlyCount "69"]
[EventDate "2020.12.13"]
[EventType "swiss"]
[EventCountry "ESP"]
[SourceTitle "playchess.com"]
[Source "ChessBase"]
[SourceQuality "1"]

{[%evp 12,69,41,18,82,0,0,-1,0,-29,-22,-39,-25,-37,-8,-62,-62,-62,-59,-64,-55,-58,-71,-64,-61,-75,-50,-142,-141,-179,-172,-202,-201,-200,-209,-211,-187,-309,-294,-299,-283,-266,-189,-229,-239,-328,-294,-326,-338,-388,-394,-383,-383,-399,-377,-553,-552,-545,-546,-29994]} 1. e4 c5 2. Nf3 d6 3. d4 cxd4 4. Nxd4 Nf6 5. Nc3 Nc6 6. Bg5 Bd7 7. Bc4 a6 {B60: Sicilian: Richter-Rauzer: Unusual Black 6th moves and 6...Bd7 without 7 Qd2.} (7... e6 $11 {keeps the balance.}) 8. O-O (8. Bxf6 $16 {aiming for Qh5.} gxf6 9. Nxc6 bxc6 10. Qh5) 8... e6 $1 $11 9. Nxc6 Bxc6 {[#] The position is equal.} 10. Bxf6 $146 ({Predecessor:} 10. e5 dxe5 11. Qxd8+ Rxd8 12. Bxf6 gxf6 13. Rad1 f5 14. Rxd8+ Kxd8 15. Rd1+ Kc7 16. a3 {0-1 (29) Leonov,A (1014)-Nenciulescu,S (2107) LSS email 2012}) 10... Qxf6 11. a4 g6 12. Qd3 Rd8 13. f4 (13. Bd5 $11 exd5 14. exd5) 13... Bg7 $15 14. Rad1 O-O 15. Kh1 Kh8 16. Bb3 Qe7 17. Rde1 Rfe8 18. Re3 Qd7 19. a5 {[#]} (19. Rh3 $15) 19... Qc7 $1 $17 20. f5 Qxa5 21. f6 Bh6 22. Rh3 Bg5 23. Qg3 Qe5 24. Qg4 (24. Bc4 $142) 24... Bxf6 25. Rhf3 Bg7 ({Not} 25... h5 26. Qh3 $19) 26. Rxf7 Rd7 $40 {[%mdl 128] Black goes for the king.} 27. Rxd7 Bxd7 28. Qd1 Bc6 29. Qd3 b5 {[%cal Bb7b5,Bb5b4][%mdl 32]} 30. Rd1 Rf8 31. Rf1 Rxf1+ 32. Qxf1 Bf6 33. Qa1 (33. Nd1 {keeps fighting.}) 33... b4 $19 34. Ne2 Qxb2 35. Qxa6 {White got outplayed after the opening.  Weighted Error Value: White=0.33/Black=0.13} 0-1

[Event "VII Sunway Sitges Open 2020"]
[Site "Sitges"]
[Date "2020.12.14"]
[Round "2.5"]
[White "Santos Latasa, Jaime"]
[Black "Vlachos, Anatole"]
[Result "1-0"]
[WhiteElo "2600"]
[BlackElo "2413"]
[Annotator "TA"]
[PlyCount "33"]
[EventDate "2020.12.13"]
[EventType "swiss"]
[EventCountry "ESP"]
[SourceTitle "playchess.com"]
[Source "ChessBase"]
[SourceQuality "1"]

{[%evp 9,33,29,46,49,47,22,37,37,42,38,38,39,39,35,37,45,45,35,38,38,38,44,443,430,415,402]} 1. e4 c5 2. Nf3 Nc6 3. Nc3 Nf6 4. Bb5 Qc7 5. O-O a6 6. Bxc6 {B30: Sicilian: 2...Nc6 3 Bb5, lines without ...g6.} dxc6 7. d4 (7. e5 $5 {[%cal Re5f6]} Nd5 8. Ne4 $14) 7... cxd4 8. Qxd4 {White is slightly better.} Bg4 9. e5 Rd8 10. Qa4 Bxf3 11. exf6 Bd5 12. Rd1 $40 {[%mdl 128] [#] White is up to no good.} Be6 $146 ({Predecessor:} 12... Qd7 13. Be3 gxf6 14. Bb6 Rc8 15. Rd3 Rg8 16. f3 Bh6 17. g3 f5 18. Rad1 f6 {1-0 (28) Drobka,M (2099)-Hempel,R (1945) GER email 2013}) 13. Bf4 Rxd1+ 14. Rxd1 Qc8 $1 15. Qa5 {aiming for Bc7.} gxf6 $2 {[%mdl 8192] [#]} (15... exf6 $14 16. Ne4 f5) 16. Bc7 $1 $18 Bd7 17. Ne4 {Weighted Error Value: White=0.03/Black=0.67} 1-0

[Event "VII Sunway Sitges Open 2020"]
[Site "Sitges"]
[Date "2020.12.14"]
[Round "2.6"]
[White "Lin, Yingrui"]
[Black "Santos Ruiz, Miguel"]
[Result "0-1"]
[WhiteElo "2387"]
[BlackElo "2581"]
[Annotator "TA"]
[PlyCount "62"]
[EventDate "2020.12.13"]
[EventType "swiss"]
[EventCountry "ESP"]
[SourceTitle "playchess.com"]
[Source "ChessBase"]
[SourceQuality "1"]

{[%evp 9,61,13,0,-2,-12,-14,-13,-25,-21,-27,-18,-29,-35,-23,-15,-21,-13,-18,-12,-22,-12,-12,-15,-35,-25,-41,-17,-19,-6,-56,-55,-67,-64,-81,-82,-73,-70,-100,-72,-127,-126,-191,-185,-262,-282,-944,-971,-933,-933,-12313,-6120,-29996,-29997,-29999]} 1. d4 Nf6 2. c4 e6 3. Nc3 Bb4 4. Bd2 d5 5. cxd5 exd5 6. e3 {E20: Nimzo-Indian: 4 g3 and 4 f3.} O-O 7. Bd3 Re8 8. Nf3 {The position is equal.} Bd6 {[#]} 9. Nb5 $146 ({Predecessor:} 9. h3 a6 10. Qb3 Nc6 11. O-O-O Na5 12. Qc2 b6 13. e4 dxe4 14. Nxe4 h6 15. Nxf6+ Qxf6 16. d5 Bf4 {½-½ (16) Ivanov,J (2435)-Nikolov,M (2506) Albena 2009}) 9... Bf8 10. Ne5 c5 11. O-O Nc6 12. Nxc6 $1 bxc6 13. Nc3 cxd4 14. exd4 Qb6 15. Bg5 Ne4 16. Bxe4 dxe4 17. Na4 Qb5 18. Be3 Qf5 19. Qe2 Bd6 20. Rac1 Qg6 21. f4 exf3 $1 22. Qxf3 Bg4 23. Qf2 $1 Bh3 $40 {[%mdl 128] Black goes for the king.} 24. Rc3 ({White should try} 24. Rce1) 24... Re4 $17 {aiming for ...Rg4!} 25. Kh1 ({Don't go for} 25. Nc5 $2 Rg4 $1 $19 {[%mdl 512]}) (25. Bg5 $17) 25... Be6 $19 {And now ...Bd5 would win.} 26. Nc5 {[#]} (26. Rxc6 {was the only chance.} Bd5 27. Rxd6 Qxd6 28. Nc3) 26... Qh5 $3 {[%csl Gd6][%cal Rh5h2][%mdl 512]} 27. g4 $2 (27. h3 Bxh3 28. Qxf7+ (28. gxh3 {leads to mate.} Qxh3+ 29. Kg1 Rg4+ 30. Qg3 Qxg3+ 31. Kh1 Rh4#) 28... Qxf7 29. Rxf7 Bxc5 30. Rf4 Rxe3 31. Rxe3) 27... Rxg4 {( -> ...Bd5+)} 28. Nxe6 fxe6 29. Bd2 {[#]} Rf8 $1 30. Rf3 Rxf3 {[%mdl 64] Overworked Piece} 31. Qxf3 Qxh2# {Weighted Error Value: White=0.93/Black=0.03} 0-1

[Event "VII Sunway Sitges Open 2020"]
[Site "Sitges"]
[Date "2020.12.14"]
[Round "2.7"]
[White "Ootes, Lars"]
[Black "Cornette, Matthieu"]
[Result "0-1"]
[WhiteElo "2373"]
[BlackElo "2558"]
[Annotator "TA"]
[PlyCount "94"]
[EventDate "2020.12.13"]
[EventType "swiss"]
[EventCountry "ESP"]
[SourceTitle "playchess.com"]
[Source "ChessBase"]
[SourceQuality "1"]

{[%evp 14,94,19,34,40,10,43,35,67,58,56,56,127,131,111,118,118,52,59,59,54,59,59,59,60,65,74,84,74,20,21,17,24,0,-10,-57,-54,-61,-55,-186,-196,-243,-161,-228,-209,-203,-210,-184,-155,-145,-158,-141,-131,-132,-132,-132,-149,-149,-138,-248,-234,-258,-241,-224,-51,-56,-52,-312,-310,-716,-693,-712,-710,-633,-625,-29986,-29986,-29989,-2199,-29989,-29990,-29990,-29991]} 1. e4 c5 2. Nf3 Nc6 3. d4 cxd4 4. Nxd4 e5 5. Nb5 d6 6. N1c3 a6 7. Na3 Be6 8. Nc4 Rb8 $1 {[%mdl 4] is now more promising than 8...b5. B32: Sicilian: Löwenthal and Kalashnikov Variations.} 9. h4 Nf6 10. Bg5 {[#]} Nd4 $146 {White is slightly better.} ({Predecessor:} 10... h6 11. Bxf6 Qxf6 12. Qd2 Qd8 13. O-O-O Nd4 14. f4 Be7 15. fxe5 dxe5 16. Nxe5 Bf6 {1-0 (37) Brodsky,D (2455)-Lintchevski,D (2559) chess.com INT 2020}) 11. Nd5 Bxd5 12. exd5 h6 (12... Nb5 $14) 13. Bxf6 $16 Qxf6 14. c3 Nf5 {[%cal Bd4f5,Bf5h6,Bh6g4][%mdl 32]} 15. Nb6 (15. h5 $16) 15... Qd8 $14 16. Qa4+ Ke7 17. Qb4 {And now g4 would win.} h5 $1 18. a4 {[%cal Ba2a4,Ba4a5][%mdl 32]} g6 19. a5 Nh6 20. Bd3 f5 21. Bc2 ({Better is} 21. f3 $16) 21... Ng4 $11 22. Ba4 Qc7 23. Rd1 Rd8 24. Qa3 Bh6 25. c4 e4 $40 {[%mdl 128] Black attacks.} 26. O-O (26. f3 $15 Ne3 {[%mdl 64] Double Attack} 27. fxe4) 26... Kf7 $19 27. Rfe1 Qe7 28. Qh3 (28. Qg3 $142) 28... e3 29. fxe3 Bxe3+ 30. Rxe3 Qxe3+ 31. Qxe3 Nxe3 32. Re1 f4 33. g3 Nf5 34. gxf4 Nxh4 {Hoping for ...Nf3+.} 35. Re6 Nf5 36. Kg2 (36. Bd7 $17) 36... Rhg8 37. Bd7 g5 38. Re4 Rxd7 $2 (38... gxf4+ $19 39. Kf2 Kg6) 39. Nxd7 {[%mdl 4096] Endgame KRN-KRN} g4 {Strongly threatening ...h4.} 40. Re6 $2 {[%mdl 8192]} (40. c5 $1 $15) 40... Rg6 41. Re1 $2 (41. Rxg6 Kxg6 42. c5 dxc5 43. Ne5+ Kf6 44. Nc4) 41... h4 42. c5 {[#]} h3+ $1 43. Kh2 Rh6 {Threatens to win with ...g3+.} 44. c6 g3+ 45. Kg1 {[#]} bxc6 (45... Ne3 $142 $1 {[%mdl 512]} 46. Re2 (46. Rxe3 h2+) 46... g2 47. Rxg2 hxg2 48. Kf2 Rh1 49. Ke2 g1=Q 50. Kd3 Qd1+ 51. Kxe3 Rh3+ 52. Kf2 Rf3+ {[%mdl 64] Double Attack} 53. Kg2 Qf1+ 54. Kh2 Rh3#) 46. dxc6 Ne3 47. Re2 g2 {Weighted Error Value: White=0.78/Black=0.25} 0-1

[Event "VII Sunway Sitges Open 2020"]
[Site "Sitges"]
[Date "2020.12.14"]
[Round "2.8"]
[White "Maze, Sebastien"]
[Black "Romanishin, Oleg M"]
[Result "1/2-1/2"]
[WhiteElo "2557"]
[BlackElo "2402"]
[Annotator "TA"]
[PlyCount "105"]
[EventDate "2020.12.13"]
[EventType "swiss"]
[EventCountry "ESP"]
[SourceTitle "playchess.com"]
[Source "ChessBase"]
[SourceQuality "1"]

{[%evp 10,105,25,28,54,28,70,82,73,81,89,96,60,72,145,81,87,75,96,83,109,114,183,166,179,157,158,147,174,113,127,119,118,116,131,100,116,75,85,80,58,28,61,61,61,61,61,65,67,59,81,79,66,60,64,57,57,57,62,68,67,40,36,43,48,0,2,3,0,0,0,0,-5,0,0,0,0,0,0,0,0,0,0,0,0,0,0,0,0,0,0,0,0,0,0,0,0,0]} 1. e4 e5 2. Nf3 Nc6 3. Bb5 a6 4. Bxc6 dxc6 5. O-O Qd6 6. Na3 Qe6 {C68: Ruy Lopez: Exchange Variation, sidelines.} 7. d4 {[#]} f6 $146 ({Predecessor:} 7... Bxa3 8. bxa3 exd4 9. Qxd4 Nf6 10. Bb2 O-O 11. Ne5 Qd6 12. Qe3 Ng4 13. Nxg4 Bxg4 14. f4 {1-0 (74) Petrik,T (2529)-Acs,P (2586) Hungary 2013}) 8. dxe5 fxe5 {White is better.} 9. Ng5 Qe7 10. Nc4 b5 11. Na5 Bd7 (11... Nf6 $142) 12. a4 (12. f4 $142) 12... Nf6 $16 13. Nb3 Rd8 14. Qe2 Bg4 15. f3 Bh5 (15... Be6 $16 {was worth a try.}) 16. axb5 $18 axb5 17. Rd1 Nd7 18. Be3 h6 19. Nh3 (19. Na5 $18 Qf6 20. Nb7) 19... Qe6 $16 20. Ra6 {Black must now prevent Na5.} Rc8 21. Nf2 Be7 22. Nd3 O-O 23. Bc5 Bd6 24. Bxd6 cxd6 25. Nb4 Nb8 26. Ra7 c5 27. Nd5 {[#] Ne7+ is the strong threat.} Nc6 28. Rb7 c4 29. Nd2 Rb8 30. Rxb8 Rxb8 31. c3 (31. Qf2 {with more complications.} Qd7 32. Nf1 Bf7 33. Nfe3 Be6 34. c3) 31... Ne7 32. Nxe7+ Qxe7 33. Nf1 Bf7 34. Ne3 b4 35. Nf5 Qa7+ 36. Qf2 Qa4 $1 {[%cal Ra4d1]} 37. Rf1 ({Not} 37. Rxd6 $2 bxc3 38. h4 (38. Ne7+ $2 Kh7 $19) 38... cxb2 $19) 37... bxc3 {The position is equal.} 38. bxc3 Be6 39. Ne3 ({But not} 39. Nxd6 Qa3 $15) 39... Qa3 40. Qe1 Rb3 41. Nd1 Qc5+ (41... Rb1 {seems wilder.} 42. Qh4 Kf7 43. h3 Ke8 44. Qh5+ Kd7) 42. Qf2 Qxf2+ (42... Qa5 {is more complex.} 43. h3 Qa3 44. Qd2 Rb1 45. Kh2 Rc1) 43. Rxf2 $11 {[%mdl 4096] Endgame KRB-KRN} Kf7 44. Rd2 Ke7 45. Kf2 Ra3 46. Rb2 Bd7 47. Ne3 Be6 48. Rc2 Kd7 49. Ke2 Kc6 50. Kd2 d5 51. exd5+ Bxd5 52. Rb2 Be6 53. Nc2 {Black defended with fortune.  Weighted Error Value: White=0.10/Black=0.08} 1/2-1/2

[Event "VII Sunway Sitges Open 2020"]
[Site "Sitges"]
[Date "2020.12.14"]
[Round "2.9"]
[White "Garcia Martin, Marta"]
[Black "Plat, Vojtech"]
[Result "0-1"]
[WhiteElo "2342"]
[BlackElo "2562"]
[Annotator "TA"]
[PlyCount "90"]
[EventDate "2020.12.13"]
[EventType "swiss"]
[EventCountry "ESP"]
[SourceTitle "playchess.com"]
[Source "ChessBase"]
[SourceQuality "1"]

{[%evp 17,90,0,0,0,0,-14,-12,-5,0,0,0,0,0,0,6,-11,0,-1,-7,-27,-22,-23,0,0,11,25,12,-16,0,0,0,-12,-7,-8,-7,-7,-7,-6,0,-6,-7,-7,0,0,6,0,0,0,0,-84,-84,-87,-87,-164,-160,-200,-131,-305,-318,-665,-155,-642,-225,-437,-193,-193,-195,-200,-200,-238,-166,-5206,-5206,-2190,-2063]} 1. e4 c5 2. Nf3 Nc6 3. c3 Nf6 4. e5 Nd5 5. d4 cxd4 6. Bc4 Nb6 7. Bb3 d6 8. exd6 Qxd6 9. O-O Be6 10. Nxd4 {B22: Sicilian: 2 c3.} Nxd4 11. cxd4 Bxb3 12. Qxb3 {The position is equal.} g6 $5 {[%mdl 4] An interesting side line.} 13. Nc3 Bg7 14. a4 {[%cal Ba2a4,Ba4a5][%mdl 32]} Qd7 {[#]} 15. a5 $146 ({Predecessor:} 15. Rd1 O-O 16. a5 Nc8 17. Bf4 Nd6 18. Ra4 Rfd8 19. g3 Qc6 20. Bxd6 Rxd6 21. d5 Qa6 22. Ne4 Rdd8 23. Rb4 Qe2 24. Rd2 Qe1+ 25. Kg2 b6 {½-½ (25) Ivanov,B (2401)-Maerten,T (2511) ICCF email 2014}) 15... Nc8 16. Ne4 O-O 17. Be3 b6 18. d5 {[%cal Ra5b6]} Qf5 19. Nc3 Rb8 20. Rfd1 Be5 21. a6 Nd6 22. Bd4 Rbc8 23. Bxe5 Qxe5 24. Re1 Qf6 25. Ne4 Nxe4 26. Rxe4 Rfd8 27. g3 Rc5 28. Rae1 Rd7 29. Qe3 {[%cal Re4e7]} Rc2 30. Rf4 Qg7 31. b4 Qc3 32. Qe4 $1 Qd2 33. Kg2 (33. d6 $11 e6 34. Qa8+ Kg7 35. Rxe6 Qd1+ 36. Kg2) 33... Rcc7 $17 ({Wrong is} 33... Qxd5 $2 34. Qxd5 Rxd5 35. Rxe7 $18) 34. Rf3 Qxd5 35. Qf4 (35. Qxd5 $17 Rxd5 36. Ree3) 35... f6 $19 36. Ree3 g5 37. Qg4 $2 (37. Qe4 $17 {was called for.}) 37... Rc4 38. Qh5 $2 (38. Qf5 Qxf5 39. Rxf5) 38... Qf7 $2 (38... Qa8 $19 {is more deadly.} 39. Re5 Kh8 40. Rxg5 fxg5 41. Qxg5 Qe4) 39. Qh6 $2 {This costs White the game.} (39. Qxf7+ $17 Kxf7 40. b5) 39... Rxb4 $2 (39... g4 40. Rf5 Rd5) 40. Rc3 $2 (40. h4 g4 41. Rf4 Qd5+ 42. Kh2 Rxf4 43. Qxf4) 40... Rc4 (40... Qe8 $142 41. Rf5 Qa8+ 42. Kh3 Rd6) 41. h4 Rxc3 42. Rxc3 {[#] Strongly threatening Rc8+.} Qd5+ 43. Kh2 {intending hxg5.} Rd8 {...Qf5 is the strong threat.} 44. Re3 $2 (44. hxg5 Qd2 45. Rf3) 44... Qf5 45. Kg2 {[#]} Rd2 $1 {Weighted Error Value: White=0.58/Black=0.40} 0-1